Catálogo público

Tabla astronómica del orto y ocaso del sol calculada al paralelo de veinte grados en que se halla situada la M.N. y M.L. ciudad de San Bernardo de Mérida, provincia y obizpado de Yucatán. Fha. en 1 de enero de 1817a años. Manuscrito (Record no. 43938)

MARC details
000 -CABECERA
campo de control de longitud fija 00900nam a22002297a 4500
003 - IDENTIFICADOR DEL NÚMERO DE CONTROL
campo de control CHAP
005 - FECHA Y HORA DE LA ÚLTIMA TRANSACCIÓN
campo de control 20220329135914.0
008 - DATOS DE LONGITUD FIJA--INFORMACIÓN GENERAL
campo de control de longitud fija 971013s r 00010 d
010 ## - NÚMERO DE CONTROL DE LA BIBLIOTECA DEL CONGRESO
Número de control de LC 43938
011 ## - ENLACE DEL NUMERO DE CONTROL DE LA BIBLIOTECA DEL CONGRESO [OBSOLETO]
Número de control de LC 44910
035 ## - NÚMERO DE CONTROL DEL SISTEMA
Número de control de sistema 49049
040 ## - FUENTE DE LA CATALOGACIÓN
Centro/agencia transcriptor CHAP
082 ## - NÚMERO DE LA CLASIFICACIÓN DECIMAL DEWEY
Número de clasificación 525.35
Número de documento/Ítem T3
245 ## - MENCIÓN DE TÍTULO
Título Tabla astronómica del orto y ocaso del sol calculada al paralelo de veinte grados en que se halla situada la M.N. y M.L. ciudad de San Bernardo de Mérida, provincia y obizpado de Yucatán. Fha. en 1 de enero de 1817a años. Manuscrito
500 ## - NOTA GENERAL
Nota general Adjunto al original : reproducción que mandó hacer el Dr. Juan Miró en el 1er. centenario de esta tabla
590 ## - NOTA LOCAL (RLIN)
Nota local BATCH-UPD
Procedencia (VM) [OBSOLETO] 10
Condición del los carretes individuales (VM) [OBSOLETO] 20130110
-- UCH01
-- 2230
590 ## - NOTA LOCAL (RLIN)
Nota local CONVERSION
Procedencia (VM) [OBSOLETO] 10
Condición del los carretes individuales (VM) [OBSOLETO] 20130109
-- UCH01
-- 1324
650 14 - PUNTO DE ACCESO ADICIONAL DE MATERIA--TÉRMINO DE MATERIA
Término de materia o nombre geográfico como elemento de entrada Sol
Subdivisión general Orto y ocaso.
9 (RLIN) 108322
901 ## - ELEMENTOS DE DATOS A LOCAL LDA (RLIN)
a BK
942 ## - ELEMENTOS DE PUNTO DE ACCESO ADICIONAL (KOHA)
Tipo de ítem Koha Libro
949 ## - PROCESAMIENTO DE INFORMACIÓN LOCAL (OCLC)
a 525.35 T3
b BC
c BPP
d -110767
e BPP
h 7555
i 49049
s i
Holdings
Estado de retiro Estado de pérdida Fuente del sistema de clasificación o colocación Estado dañado Restricciones de uso No para préstamo Código de colección Localización permanente Ubicación/localización actual Fecha de adquisición Información codificada de la localización en otra ubicación Total de préstamos Signatura topográfica completa Código de barras Fecha visto por última vez Precio válido a partir de Tipo de ítem Koha
    Dewey Decimal Classification   Préstamo interno   Fondo Reservado Biblioteca Central Biblioteca Central 31/12/2019 LIBRO   525.35 T3 -110767 31/12/2019 31/12/2019 Libro